1077 1609 1103 1523 1190 1608 1007 1259 1122 1858 1139 1823 1408 1389 1120 1898 1709 1029 1407 1293 1760 1673 1923 1195 1004 1135 1731 1410 1642 1656 1349 1960 1059 1870 1542 1064 1062 1068 1669 1030 1317 1818 1123 1186 1026 1527 1396 1433 1476 1923 1465 1319 1724 1514 1651 1067 1709 1016 1112 1597 1046 1514 1611 1897 1250 1105 1806 1244 1812 1924 1302 1431 1875 1844 1651 1125 1565 1138 1586 1263 1855 1552 1794 1190 1554 1067 1104 1867 1946 1966 1150 1294 1730 1892 1468 1152 1524 1984 1501 BCNSPRNW ULIB Ver.6.0+V

เปลี่ยนเป็นภาษาไทย

Change to English
 แสดงรายละเอียดบรรณานุกรม
  กลับหน้าหลัก

Brief Record : Get Marc (ISO 2709) : E-mail record : QR code < ปิดหน้าต่าง
LEADER : 00000nam 2200000uu 4500
001    13399125752
003     ULIB
008    170830s2560||||th 000 0 tha d
020    ^a9786164401662
060  4 ^aWW290^bว836^d2560
100 0  ^aวีระวัฒน์ คิดดี
245 00 ^aการรักษาต้อหินด้วยเลเซอร์ =^bGlaucoma Laser Treatment /^cวีระวัฒน์ คิดดี
246 31 ^aGlaucoma Laser Treatment
260    ^aสงขลา : ^bภาควิชาจักษุวิทยา คณะแพทยศาสตร์ มหาวิทยาลัยสงขลานครินทร์,^c2560.
300    ^a214 หน้า :^bภาพประกอบ ;^c26 ซม.
500    ^aชื่อเรื่องจากปก
505 0  ^a... การรักษาต้อหินด้วยเลเซอร์ ความรู้พื้นฐานการจำแนกและข้อพิจารณาทางปฎิบัติ (Glaucoma laser treatment basic knowledge classification and practical considerations) ... เลนส์สัมพผัสที่ใช้ในการรักษาต้อหินด้วยเลเซอร์ (Ophthalmic contact lens used in glaucoma laser treatment) ... การรักษาด้วยเลเซอร์ที่ม่านตา (Laser treatment at the iris) ... การรักษาด้วยเลเซอร์ที่ trabecular meshwork (Laser treatment at the trabecular meshwork) ... การรักษาด้วยเลเซอร์ที่ ciliary body (Laser treatment at the ciliary body) ... การรักษาด้วยเลเซอร์หลังผ่าตัดต้อหิน (Laser treatment after glaucome surgery) ... ความปลอดภัยในการใช้เลเซอร์ (Laser safety)
650  2 ^aGlaucoma
650  2 ^aGlaucoma^xsurgery
650  7 ^aต้อหิน
650  7 ^aต้อหิน^xการรักษา
650  7 ^aตา, โรค
650  7 ^aตา^xศัลยกรรม
650  7 ^aต้อหิน^xศัลยกรรม
710 1  ^aมหาวิทยาลัยสงขลานครินทร์.^bคณะแพทยศาสตร์.^bภาควิชาจักษุวิทยา
945    ^p0^l0^i003047
945    ^p0^l0^i003048
945    ^p0^l0^i003049
945    ^p0^l0^i003050
945    ^p0^l0^i003051
945    ^p0^l0^i003052
945    ^p0^l0^i003053
999    ^aประนอม เกษจรัล
รายการนี้ยังไม่มีแท็ก
คุณยังไม่ได้ล็อกอิน คุณสามารถมีกิจกรรมร่วมกับเว็บไซต์ได้ แต่ต้องล็อกอินก่อน ::
  ล็อกอิน

รายการสื่อสารสนเทศ

ลำดับที่ ประเภท เลขเรียก/บาร์โค้ด สถานที่ สถานะ
1. วิทยาศาสตร์การแพทย์ และสุขภาพ
หนังสือสำรอง
สถานะ=หนังสือสำรอง
WW290 ว836 2560 ฉ.1 
  Barcode: 003047
ห้องสมุดวิทยาเขตสวรรค์ประชารักษ์
►หนังสือทั่วไป
บนชั้น
2. วิทยาศาสตร์การแพทย์ และสุขภาพ
วิทยาศาสตร์การแพทย์ และสุขภาพ
WW290 ว836 2560 ฉ.2 
  Barcode: 003048
ห้องสมุดวิทยาเขตสวรรค์ประชารักษ์
►หนังสือทั่วไป
บนชั้น
3. วิทยาศาสตร์การแพทย์ และสุขภาพ
วิทยาศาสตร์การแพทย์ และสุขภาพ
WW290 ว836 2560 ฉ.3 
  Barcode: 003049
ห้องสมุดวิทยาเขตสวรรค์ประชารักษ์
►หนังสือทั่วไป
บนชั้น
4. วิทยาศาสตร์การแพทย์ และสุขภาพ
วิทยาศาสตร์การแพทย์ และสุขภาพ
WW290 ว836 2560 ฉ.4 
  Barcode: 003050
ห้องสมุดวิทยาเขตสวรรค์ประชารักษ์
►หนังสือทั่วไป
บนชั้น
5. วิทยาศาสตร์การแพทย์ และสุขภาพ
วิทยาศาสตร์การแพทย์ และสุขภาพ
WW290 ว836 2560 ฉ.5 
  Barcode: 003051
ห้องสมุดวิทยาเขตสวรรค์ประชารักษ์
►หนังสือทั่วไป
บนชั้น
6. วิทยาศาสตร์การแพทย์ และสุขภาพ
วิทยาศาสตร์การแพทย์ และสุขภาพ
WW290 ว836 2560 ฉ.6 
  Barcode: 003052
ห้องสมุดวิทยาเขตสวรรค์ประชารักษ์
►หนังสือทั่วไป
บนชั้น
7. วิทยาศาสตร์การแพทย์ และสุขภาพ
วิทยาศาสตร์การแพทย์ และสุขภาพ
WW290 ว836 2560 ฉ.7 
  Barcode: 003053
ห้องสมุดวิทยาเขตสวรรค์ประชารักษ์
►หนังสือทั่วไป
บนชั้น

รายการใกล้เคียง
    ผู้แต่ง [วีระวัฒน์ คิดดี]

    หัวเรื่อง [Glaucoma]
    หัวเรื่อง [ต้อหิน]
    หัวเรื่อง [ตา, โรค]

BibComment


ยังไม่เคยถูกคอมเมนท์

คอมเมนท์ทรัพยากรรายการนี้
  คอมเมนท์: การรักษาต้อหินด้..


 Copyright 2026. Bcnsprnw @Library